Tilastot visalle Yleistieto #3

Klikkaa tästä pelataksesi tätä visaa!

Yleistilastot

  • Tätä visaa on pelattu 1 895 kertaa
  • Keskiarvotulos 7 / 15

Vastaustilastot

VinkkiVastaus% Oikein
Kuka on maalannut "Mona Lisan"?Leonardo Da Vinci
93%
Mikä on Afrikan pisin joki?Niili
91%
Mikä on puhutuin germaaninen kieli?Englanti
77%
Kuka on Suomen ensimmäinen Formula 1 maailmanmestari?Keke Rosberg
72%
Kuka on kirjoittanut kirjan "Hobitti"?J. R. R. Tolkien
70%
Kuka tuli kolmanneksi Suomen ensimmäisellä Idols-kaudella?Antti Tuisku
60%
Kuka oli Venäjän viimeinen tsaari? (Huom.muista myös järjestysluku)Nikolai II
58%
Mikä kaupunki paloi v.1666?Lontoo
44%
Mistä maasta Wilson Kirwa on kotoisin?Keniasta
42%
Mille maalle kuuluu Kodiakin saari?Yhdysvalloille
35%
Kenen hitti on "Hips Don't Lie"?Shakiran
32%
Mikä Yhdysvaltojen osavaltion pääkaupunki on Albany?New Yorkin
25%
Mikä on Nigerian pääkaupunki?Abuja
23%
Minkä maan toiseksi suurin kaupunki on Dire Dawa?Etiopian
18%
Mistä elokuvasta Diane Keaton voitti parhaan näyttelijän Oscarin 1977?Annie Hall
5%

Tulosjakauma

Persentiili vastausten määrän mukaan

Jokaisen tuloksen saaneiden osuus

Tuloshistoriasi

Et ole pelannut tätä visaa